Islam and gender : (Record no. 4604)

MARC details
000 -LEADER
fixed length control field 00819nam a22002537a 4500
003 - CONTROL NUMBER IDENTIFIER
control field LK-CoMWRAF
005 - DATE AND TIME OF LATEST TRANSACTION
control field 20240108003044.0
008 - FIXED-LENGTH DATA ELEMENTS--GENERAL INFORMATION
fixed length control field 240108b2016 |||||||| |||| 00| 0 eng d
020 ## - INTERNATIONAL STANDARD BOOK NUMBER
International Standard Book Number 9789848471432
040 ## - CATALOGING SOURCE
Original cataloging agency LK-CoMWRAF
Modifying agency LK-CoMWRAF
Description conventions LK-CoMWRAF
041 ## - LANGUAGE CODE
Language code of text/sound track or separate title English
082 ## - DEWEY DECIMAL CLASSIFICATION NUMBER
Classification number 305.4095
Item number HAN
942 ## - ADDED ENTRY ELEMENTS (KOHA)
Koha item type Books
100 ## - MAIN ENTRY--PERSONAL NAME
Personal name Hannan, Shah Abdul
700 ## - ADDED ENTRY--PERSONAL NAME
Personal name Ali, Mohammad Shawkat
Relator Term translator
700 ## - ADDED ENTRY--PERSONAL NAME
Personal name Hasan, Mahamudul
Relator Term editor
700 ## - ADDED ENTRY--PERSONAL NAME
Personal name Yunus, Raudah, Mohd
245 ## - TITLE STATEMENT
Title Islam and gender :
Remainder of title the Bangladesh perspective
260 ## - PUBLICATION, DISTRIBUTION, ETC. (IMPRINT)
Place of publication, distribution, etc. Dhaka :
Name of publisher, distributor, etc. Bangladesh Institute of Islamic Thought (BIIT),
Date of publication, distribution, etc. 2016
300 ## - PHYSICAL DESCRIPTION
Extent 132 p. ; 22 cm
856 ## - ELECTRONIC LOCATION AND ACCESS
Uniform Resource Identifier <a href="https://xeroxtree.com/pdf/islam_and_gender.pdf">https://xeroxtree.com/pdf/islam_and_gender.pdf</a>
650 ## - SUBJECT ADDED ENTRY--TOPICAL TERM
Topical term or geographic name as entry element Sex role -- Religious aspects -- Islam
650 ## - SUBJECT ADDED ENTRY--TOPICAL TERM
Topical term or geographic name as entry element Women's rights -- Religious aspects -- Islam
Holdings
Withdrawn status Lost status Damaged status Not for loan Permanent Location Current Location Date acquired Full call number Barcode Koha item type
        Resource center, Muslim Women's Research And Action Forum Resource center, Muslim Women's Research And Action Forum 2024-01-08 305.4095 HAN RAF4695 Books
        Resource center, Muslim Women's Research And Action Forum Resource center, Muslim Women's Research And Action Forum 2024-01-20 305.4095 HAN RAF4788 Books

Copyright © 2023 Muslim Women's Research and Action Forum (MWRAF), No 27/3, Anderson Road, Kalubowila, Dehiwela. Funded by The Asia Fundation